Operettben utaztak a Dóm téren
Elmentve itt :
| Dokumentumtípus: | Cikk |
|---|---|
| Megjelent: |
2010-07-26
|
| Sorozat: | Délmagyarország
100 No. 172 |
| Kulcsszavak: | Szeged, Színjátszás szabadtéri koncert Szeged 2010, Szegedi Szabadtéri Játékok |
| Online Access: | http://dmarchiv.bibl.u-szeged.hu/143274 |
| LEADER | 00475nab a2200145 i 4500 | ||
|---|---|---|---|
| 001 | delm143274 | ||
| 005 | 20200205144748.0 | ||
| 008 | 200205s2010 hu o 0|| hun d | ||
| 040 | |a SZTE Délmagyarország Archívum |b hun | ||
| 041 | |a hun | ||
| 245 | 0 | 0 | |a Operettben utaztak a Dóm téren |h [elektronikus dokumentum] |
| 260 | |c 2010-07-26 | ||
| 300 | |a 7 | ||
| 490 | 0 | |a Délmagyarország |v 100 No. 172 | |
| 695 | |a Szeged, Színjátszás szabadtéri koncert Szeged 2010, Szegedi Szabadtéri Játékok | ||